|
|
|
|
| LEADER |
01145nam a2200277 a 4500 |
| 001 |
12645990 |
| 008 |
100602r2003 njuab b 001 0 eng d |
| 010 |
|
|
|a \\2002017097
|
| 020 |
|
|
|a 0130928585
|
| 020 |
|
|
|a 8178087790
|
| 040 |
|
|
|a DLC
|c DLC
|d DLC
|d BD-DhAAL
|
| 082 |
0 |
0 |
|a 658.4/5
|2 21
|
| 100 |
1 |
|
|a Bovée, Courtland L.
|
| 245 |
1 |
0 |
|a Business communication today /
|c Courtland L. Bovée, John V. Thill, Barbara E. Schatzman.
|
| 250 |
|
|
|a 7th ed.
|
| 260 |
|
|
|a Upper Saddle River, NJ ;
|a New Delhi :
|b Prentice Hall,
|c c2003 [reprined].
|
| 300 |
|
|
|a 1 v. (various pagings) :
|b col. ill., col. map ;
|c 29 cm.
|
| 504 |
|
|
|a Includes bibliographical references and index.
|
| 541 |
1 |
|
|e 00009799
|
| 650 |
|
0 |
|a Business communication
|z United States
|v Case studies.
|
| 650 |
|
0 |
|a Communication in organizations
|z United States
|v Case studies.
|
| 700 |
1 |
|
|a Thill, John V.
|
| 700 |
1 |
|
|a Schatzman, Barbara E.
|
| 852 |
4 |
|
|a Ayesha Abed Library
|j General Shelf
|
| 999 |
|
|
|c 8774
|d 8774
|
| 952 |
|
|
|0 0
|1 2
|2 ddc
|4 0
|6 658_450000000000000_BOV
|7 0
|9 10636
|a BRACUL
|b BRACUL
|c GEN
|d 2010-06-03
|l 9
|m 19
|o 658.45 BOV
|p 3010009799
|q 2017-07-18
|r 2014-01-20
|s 2014-01-20
|t 1
|w 2010-06-03
|y BK
|